| Tag |
First Indicator |
Second Indicator |
Subfields |
| LEADER |
00000cam a2200000 a 4500 |
| 001 |
in00001234971 |
| 005 |
20151003060923.0 |
| 008 |
940728s1994 gw a 000 0 eng d |
| 035 |
|
|
|a (OCoLC)30841128
|
| 035 |
|
|
|9 AGS2939AM
|
| 040 |
|
|
|a KSW
|c KSW
|d TXA
|d UtOrBLW
|
| 049 |
|
|
|a TXAM
|
| 050 |
1 |
4 |
|a KK7005
|b .P73 1994
|
| 245 |
0 |
0 |
|a Press laws /
|c [editor, Sigrid Born ; translator, Martin Fry].
|
| 250 |
|
|
|a 3rd ed.
|
| 264 |
|
1 |
|a Bonn :
|b Inter Nationes,
|c 1994.
|
| 300 |
|
|
|a 37 pages :
|b illustrations ;
|c 21 cm.
|
| 336 |
|
|
|a text
|b txt
|2 rdacontent
|
| 337 |
|
|
|a unmediated
|b n
|2 rdamedia
|
| 338 |
|
|
|a volume
|b nc
|2 rdacarrier
|
| 490 |
1 |
|
|a Documents on politics and society in the Federal Republic of Germany
|
| 650 |
|
0 |
|a Press law
|z Germany.
|
| 700 |
1 |
|
|a Born, Sigrid.
|
| 830 |
|
0 |
|a Documents on politics and society in the Federal Republic of Germany.
|
| 999 |
|
|
|a MARS
|
| 999 |
f |
f |
|s 8bae099b-78c7-3e2b-b9ed-a7cbfd46cb52
|i 9f652fbf-8fea-334f-ae4e-298dfa094d61
|t 0
|
| 952 |
f |
f |
|p ric
|a Texas A&M University
|b Rellis Campus
|c Joint Library Facility
|d Remote Storage
|t 0
|e KK7005 .P73 1994
|h Library of Congress classification
|i unmediated -- volume
|m A14818990672
|
| 998 |
f |
f |
|a KK7005 .P73 1994
|t 0
|l Remote Storage
|